Annual Reports of the Straits Settlements 1855-1941 : (Record no. 615629)

MARC details
000 -LEADER
fixed length control field 00480nam a2200181 a 4500
008 - FIXED-LENGTH DATA ELEMENTS--GENERAL INFORMATION
fixed length control field 260225s1998##################000#0#eng##
020 ## - INTERNATIONAL STANDARD BOOK NUMBER
ISBN 9781852079406
082 04 - DEWEY DECIMAL CLASSIFICATION NUMBER
Classification number 320.9595
Item number JAR
100 1# - MAIN ENTRY--AUTHOR NAME
Personal name Jarman, Robert L.,
245 10 - TITLE STATEMENT
Title Annual Reports of the Straits Settlements 1855-1941 :
260 ## - PUBLICATION, DISTRIBUTION, ETC. (IMPRINT)
Year of publication 1998.
650 #0 - SUBJECT ADDED ENTRY--TOPICAL TERM
Topical Term History.
942 ## - ADDED ENTRY ELEMENTS (KOHA)
Koha item type English Books
Holdings
Withdrawn status Lost status Damaged status Not for loan Home library Current library Shelving location Date acquired Full call number Accession Number Price effective from Koha item type
        Anna Centenary Library Anna Centenary Library 3RD FLOOR, B WING 25.02.2026 320.9595 JAR 197576 25.02.2026 English Books
        Anna Centenary Library Anna Centenary Library 3RD FLOOR, B WING 25.02.2026 320.9595 JAR 197579 25.02.2026 English Books

Find us on the map